Movies Quiz

Random Movies or Song Quiz

Top 100 Disney Songs Quiz Stats

 Plays Quiz not verified by Sporcle

Challenge
Share
Tweet
Embed
Score 0/100 Timer 15:00
0 Plays Today
Movie Song % Correct
AladdinA Whole New World
95.4%
Beauty and the BeastBeauty and the Beast
90.3%
The Little MermaidUnder the Sea
89.5%
The Lion KingCircle of Life
89.1%
PocahontasColors of the Wind
85.9%
The Little MermaidPart of Your World
82.8%
Beauty and the BeastBe Our Guest
81.9%
PinocchioWhen You Wish Upon a Star
79.8%
MulanReflection
78.8%
The Lion KingHakuna Matata
76.7%
The Lion KingCan You Feel the Love Tonight?
74.9%
The Little MermaidKiss the Girl
72.2%
Sleeping BeautyOnce Upon a Dream
68.6%
Toy StoryYou've Got A Friend in Me
67.8%
Mary PoppinsA Spoonful of Sugar
67.4%
TarzanYou'll Be In My Heart
66.9%
Beauty and the BeastBelle
65.6%
The Lion KingI Just Can't Wait to Be King
65.3%
MulanI'll Make a Man Out of You
64.7%
101 DalmatiansCruella De Vil
61.4%
Snow White and the Seven DwarfsSomeday My Prince Will Come
59.7%
CinderellaA Dream is A Wish Your Heart Makes
57.8%
AladdinFriend Like Me
55.8%
The Jungle BookThe Bare Necessities
54.3%
Beauty and the BeastGaston
54.1%
PocahontasJust Around the Riverbend
54.1%
AladdinPrince Ali
53%
Snow White and the Seven DwarfsHeigh Ho
50.7%
HerculesI Won't Say (I'm in Love)
49.6%
HerculesGo the Distance
47.2%
The Lion KingBe Prepared
46.6%
Mary PoppinsFeed the Birds (Tuppence a Bag)
44.8%
HerculesZero to Hero
44.7%
Beauty and the BeastSomething There
44.3%
Movie Song % Correct
The Little MermaidPoor Unfortunate Souls
43.7%
The Hunchback of Notre DameGod Help the Outcasts
41.7%
The Jungle BookI Wan'na Be Like You
41.4%
DumboBaby Mine
41.1%
Mary PoppinsSupercalifragilisticexpialidocious
40.5%
Snow White and the Seven DwarfsWhistle While You Work
39.5%
AladdinOne Jump Ahead
38.9%
Song of the SouthZip-a-Dee-Doo-Dah
38.6%
TarzanStrangers Like Me
37.7%
Toy Story 2When She Loved Me
36.9%
Mary PoppinsChim Chim Cher-ee
36.2%
The Hunchback of Notre DameThe Bells of Notre Dame
35.8%
The AristocatsEv'rybody Wants to Be a Cat
35.6%
TarzanTwo Worlds
35.3%
Peter PanYou Can Fly! You Can Fly! You Can Fly!
33.4%
Lady and the TrampHe's a Tramp
33.4%
The Many Adventures of Winnie the PoohWinnie the Pooh
33.3%
Oliver & CompanyWhy Should I Worry?
33.3%
The Nightmare Before ChristmasWhat's This?
32.8%
Lady and the TrampBella Notte
32.7%
AladdinArabian Nights
32.1%
Pete's DragonCandle on the Water
31.9%
The Hunchback of Notre DameOut There
31.7%
Peter Pan The Second Star to the Right
31.4%
Mary PoppinsLet's Go Fly A Kite
31.2%
CinderellaSo This Is Love
30.5%
TarzanSon of Man
30.1%
MulanHonor to Us All
30%
PinocchioI've Got No Strings
29.6%
Lilo & StitchHawaiian Roller Coaster Ride
26.8%
Robin HoodLove
26%
The Parent TrapLet's Get Together
25.6%
The Lion King 2: Simba's PrideHe Lives in You
23.8%
Snow White and the Seven DwarfsI'm Wishing
23.8%
Movie Song % Correct
The Fox and the HoundBest of Friends
23.7%
PocahontasIf I Never Knew You
23.3%
CinderellaCinderella
22.7%
Alice in WonderlandThe Unbirthday Song
21.5%
HerculesA Star is Born
20.2%
Alice in WonderlandPainting the Roses Red
19.6%
Brother BearOn My Way
19.3%
PinocchioGive a Little Whistle
18.9%
DumboPink Elephants on Parade
18.5%
Sleeping BeautyI Wonder
18%
MulanTrue to Your Heart
17.8%
Alice in WonderlandIn a World of My Own
17.6%
The Many Adventures of Winnie the PoohThe Wonderful Thing About Tiggers
16.8%
CinderellaSing, Sweet Nightingale
15.9%
Toy StoryStrange Things
15.3%
The Three CaballerosThe Three Caballeros
13.4%
PinocchioHi-Diddle-Dee-Dee (An Actor's Life for Me)
13.3%
Bedknobs and BroomsticksPortobello Road
12.9%
Oliver & CompanyOnce Upon a Time in New York City
12.6%
Lilo & StitchHe Mele No Lilo
12.5%
Bedknobs and BroomsticksThe Age of Not Believing
12.3%
Davy Crockett, King of the Wild FrontierThe Ballad of Davy Crockett
12.2%
Toy StoryI Will Go Sailing No More
11.6%
Treasure PlanetI'm Still Here
11.6%
Alice in WonderlandAll in the Golden Afternoon
11%
The Many Adventures of Winnie the PoohRumbly In My Tumbly
11%
Home on the RangeLittle Patch of Heaven
10.8%
The Many Adventures of Winnie the PoohLittle Black Rain Cloud
10.5%
Brother BearLook Through My Eyes
10.4%
Brother BearGreat Spirits
9.6%
The Return of JafarForget About Love
9.6%
Bedknobs and BroomsticksSubstitutiary Locomotion
8.3%

You're not logged in!

Compare scores with friends on all Sporcle quizzes.
Join for Free
OR
Log In

You Might Also Like...

Show Comments

Extras

Top Quizzes Today


Score Distribution

Your Account Isn't Verified!

In order to create a playlist on Sporcle, you need to verify the email address you used during registration. Go to your Sporcle Settings to finish the process.

Report this User

Report this user for behavior that violates our Community Guidelines.

Details: